| 000 | 01264nam a22003617a 4500 | ||
|---|---|---|---|
| 003 | CHAP | ||
| 005 | 20220329135355.0 | ||
| 008 | 971013s1987 r 00010 d | ||
| 010 | _a35266 | ||
| 011 | _a36238 | ||
| 035 | _a40357 | ||
| 040 | _cCHAP | ||
| 090 | _aTesis | ||
| 100 | 1 |
_aOrea Coria, Dorys Primavera. _983467 |
|
| 245 | 1 | _aEstudios morfogenético en guanacastle (Entero-lobium cyclocarpum Griseb) | |
| 260 |
_aChapingo, Méx. : _bEl autor, _c1987 |
||
| 300 |
_a63 h. _b: ilus. |
||
| 502 | _aTesis (M. C. Esp. en Genética) -- Colegio de Postgraduados. Centro de Genética | ||
| 590 |
_aALEPH _b10 _c20130110 _lUCH01 _h1300 |
||
| 590 |
_aBATCH-UPD _b10 _c20130110 _lUCH01 _h0328 |
||
| 590 |
_aBATCH-UPD _b10 _c20130110 _lUCH01 _h1602 |
||
| 590 |
_aBATCH-UPD _b10 _c20130410 _lUCH01 _h0001 |
||
| 590 |
_aBATCH-UPD _b10 _c20130914 _lUCH01 _h0820 |
||
| 590 |
_aCONVERSION _b10 _c20130109 _lUCH01 _h1320 |
||
| 650 | 1 | 4 |
_aCallos (Botánica) _917560 |
| 650 | 1 | 4 |
_aCultivo de tejidos. _930213 |
| 650 | 1 | 4 |
_aEnterolobium cyclocarpum. _937109 |
| 650 | 1 | 4 |
_aPropagación de plantas. _992417 |
| 901 | _aBK | ||
| 942 | _cFOLL | ||
| 949 |
_aTesis _bBC _cTES _d33724002033165 _eTS2 _fc.2 _h19313 _i40357 _si |
||
| 949 |
_aTesis _bBC _cTES _d33724002033207 _eTS1 _h19312 _i40357 _si |
||
| 999 |
_c35266 _d35266 |
||